000 01959cam a22004934i 4500
003 PE-LiUPU
005 20250731173423.0
008 150706s r 000 0 d
020 _a9781602556447
035 _a(Sirsi) i9781602556447
040 _aPE-LiUPU
_bspa
_cPE-LiUPU
_erda
049 _aPRUA
082 0 4 _a232.8
_bW78
_221
100 1 _aWiersbe, Warren W.,
_eautor.
245 1 0 _aJesús en el tiempo presente :
_blas declaraciones "YO SOY" de Cristo /
_cWarren W. Wiersbe.
264 1 _aNashville :
_bGrupo Nelson,
_c2012.
300 _a177 páginas ;
_c23 cm.
336 _atext
_2rdacontent
337 _aunmediated
_2rdamedia
338 _avolume
_2rdacarrier
505 0 _a Moisés plantea una pregunta -- El apóstol Juan provee algunas respuestas -- El pan de vida -- La luz del mundo -- La puerta -- El buen Pastor -- La resurrección y la vida -- El camino la verdad y la vida -- La vid verdadera -- El YO SOY descuidado -- Yo soy Jesús Hechos 95 228 2615 -- Vida y servicio en tiempo presente.
526 _aSEG42
526 _aSEG41
526 _aSEG40
526 _aSEG39
526 _aP94
526 _aP87
526 _aP86
526 _aP85
526 _aP77
526 _aP76
526 _aP35
541 _g001-0000595;
650 0 4 _aJesucristo
_xNombre.
650 0 4 _aJesucristo
_xDivinidad.
700 1 _aLelli, Graciela,
_eed.
700 1 _aMesías, Miguel A.,
_etr.
910 _agl
_bjv
_cng
_d20120906
942 _2ddc
_cBOOK
949 _a232.8 W78
_wDEWEY
_c1
_i65461
_lCCODEBUL1
_mBUL
_p32.00
_r0
_sY
_tBOOK
_u2015-7-6
_xTEOLOGIA
_PP35
_o.STAFF. Colección General
994 _aC0
_bPEPRU
596 _a1
999 _a232.8 W78
_wDEWEY
_c53962
_i65461
_d53962
_f2021-11-10
_g5
_lCCODEBUL1
_mBUL
_p32.00
_q1
_r0
_sY
_tBOOK
_u2015-7-6
_xTEOLOGIA
_PP35
_0COMPRA
_o.STAFF. Colección General
980 _81
_gALBERTO SANCHEZ Responsable de Automatización